[Event "NOR North-ch"]
[Site "Tromsoe"]
[Date "2013.05.??"]
[Round "6"]
[White "Schmidt, Johnny"]
[Black "Machlik, Jon"]
[Result "0-1"]
[WhiteElo "1756"]
[BlackElo "1759"]
[PlyCount "60"]
[EventDate "2013.05.09"]
[EventType "swiss"]
[EventRounds "6"]
[EventCountry "NOR"]
[SourceTitle "EXT 2024"]
[Source "ChessBase"]
[SourceDate "2023.10.10"]
[SourceVersion "1"]
[SourceVersionDate "2023.10.10"]
[SourceQuality "1"]

1. e4 e5 2. Nf3 Nc6 3. Bc4 Bc5 4. 0-0 d6 5. h3 Be6 6. Bb3 h6 7. c3 Qf6 8. d3 0-0-0 9. Be3 Bxe3 10. fxe3 Qg6 11. Bxe6+ fxe6 12. Nh4 Qg5 13. Qe1 Nge7 14. Nd2 Rdf8 15. Nhf3 Qh5 16. Qe2 g5 17. Rf2 g4 18. hxg4 Qxg4 19. Raf1 Rfg8 20. Nd4 exd4 21. Rf8+ Kd7 22. Qxg4 Rxg4 23. Rxh8 dxe3 24. Nf3 Ng6 25. Rh7+ Nce7 26. Rxh6 Nf4 27. Ne1 Neg6 28. Rh7+ Kc6 29. Rg7 Ne2+ 30. Kh2 Rh4# 0-1

[Event "Tromsoe Bymesterskap"]
[Site "Tromsoe"]
[Date "2012.01.19"]
[Round "1"]
[White "Schmidt, Johnny"]
[Black "Berglund, Jan Sigmund"]
[Result "0-1"]
[WhiteElo "1753"]
[BlackElo "2090"]
[PlyCount "72"]
[EventDate "2012.01.19"]
[EventType "swiss"]
[EventRounds "7"]
[EventCountry "NOR"]
[SourceTitle "EXT 2024"]
[Source "ChessBase"]
[SourceDate "2023.10.10"]
[SourceVersion "1"]
[SourceVersionDate "2023.10.10"]
[SourceQuality "1"]

1. e4 e6 2. d4 d5 3. e5 c5 4. c3 Nc6 5. Nf3 Nh6 6. Bxh6 gxh6 7. Bd3 Qb6 8. Qd2 Bd7 9. dxc5 Bxc5 10. 0-0 0-0-0 11. b4 Bf8 12. a4 Bg7 13. Re1 f6 14. a5 Qc7 15. exf6 Bxf6 16. Qxh6 Rdf8 17. Na3 e5 18. Bb5 a6 19. Bxc6 bxc6 20. Qe3 Re8 21. Rad1 Rhg8 22. Qd3 Qb7 23. Qxh7 e4 24. Nd4 Rh8 25. Qg6 Be5 26. g3 Reg8 27. Nxc6 Rxg6 28. Ne7+ Kb8 29. Nxg6 Re8 30. Nxe5 Rxe5 31. Rd4 Bh3 32. f4 Rf5 33. Kf2 Qc7 34. Rc1 Rxf4+ 35. Kg1 Qxc3 36. Rxc3 Rf1# 0-1

[Event "NOR-chB"]
[Site "Moss"]
[Date "2006.07.13"]
[Round "7"]
[White "Nilsen, Jarle"]
[Black "Schmidt, Johnny"]
[Result "1/2-1/2"]
[WhiteElo "1716"]
[BlackElo "1661"]
[PlyCount "84"]
[EventDate "2006.07.08"]
[EventType "swiss"]
[EventRounds "9"]
[EventCountry "NOR"]
[SourceTitle "EXT 2007"]
[Source "ChessBase"]
[SourceDate "2006.11.23"]
[SourceVersion "1"]
[SourceVersionDate "2006.11.23"]
[SourceQuality "1"]

1. d4 Nf6 2. Nf3 e6 3. Bf4 c5 4. e3 Nc6 5. Bd3 Qb6 6. Nbd2 cxd4 7. 0-0 dxe3 8. Bxe3 Qc7 9. c4 b6 10. a3 Bd6 11. h3 0-0 12. b4 Ne5 13. Ne4 Nxe4 14. Bxe4 Rb8 15. Bxh7+ Kxh7 16. Ng5+ Kg8 17. Qh5 Re8 18. Qh7+ Kf8 19. Qh8+ Ke7 20. Qxg7 Rf8 21. Nh7 Ke8 22. Bg5 f5 23. Rfe1 Rf7 24. Qh8+ Bf8 25. Nxf8 Nf3+ 26. gxf3 Rxf8 27. Qh5+ Rf7 28. Qh8+ Rf8 29. Qe5 d6 30. Qb5+ Kf7 31. Qa4 Rg8 32. h4 Bd7 33. Qb3 Rg6 34. Kf1 Rh8 35. Rad1 e5 36. Qc3 f4 37. c5 Bh3+ 38. Ke2 bxc5 39. bxc5 Rc8 40. Qb4 dxc5 41. Qc3 Rd6 42. Qc2 Rd4 1/2-1/2

[Event "NOR-chB"]
[Site "Moss"]
[Date "2006.07.09"]
[Round "2"]
[White "Lynghaug, Eirik"]
[Black "Schmidt, Johnny"]
[Result "0-1"]
[WhiteElo "1484"]
[BlackElo "1661"]
[PlyCount "86"]
[EventDate "2006.07.08"]
[EventType "swiss"]
[EventRounds "9"]
[EventCountry "NOR"]
[SourceTitle "EXT 2007"]
[Source "ChessBase"]
[SourceDate "2006.11.23"]
[SourceVersion "1"]
[SourceVersionDate "2006.11.23"]
[SourceQuality "1"]

1. e4 e5 2. Bc4 Nc6 3. Nc3 Bc5 4. Qg4 g6 5. Qg3 d6 6. Nf3 Na5 7. Be2 Be6 8. Na4 Bb6 9. Nxb6 axb6 10. d3 Nc6 11. Bd2 Qd7 12. a3 0-0-0 13. Ng5 Nd4 14. Bd1 f5 15. Nxe6 Qxe6 16. f4 Nf6 17. 0-0 fxe4 18. fxe5 dxe5 19. dxe4 Nxe4 20. Qg4 Nxd2 21. Qxe6+ Nxe6 22. Bg4 Nxf1 23. Bxe6+ Kb8 24. Rxf1 Rd2 25. Bb3 Rhd8 26. Re1 Rd1 27. Kf1 Rxe1+ 28. Kxe1 c6 29. Ke2 Kc7 30. c3 g5 31. Bc2 h6 32. b3 b5 33. Ke3 Rf8 34. Ke2 Kd6 35. h3 Ra8 36. a4 bxa4 37. bxa4 Kd5 38. Bb3+ Ke4 39. Bc2+ Kd5 40. Bb3+ Kd6 41. Ke3 b5 42. axb5 Ra3 43. Bf7 cxb5 0-1